| 000 | 00711cam a22002533a 4500 | ||
|---|---|---|---|
| 001 | 24197 | ||
| 003 | PGUSA | ||
| 005 | 20140828083522.0 | ||
| 008 | 080107s2008||||xxu|||||s|||||000 1 eng d | ||
| 040 |
_aPGUSA _beng |
||
| 042 | _adc | ||
| 050 | 4 | _aPR | |
| 100 | 1 |
_aAnstey, F., _d1856-1934 |
|
| 245 | 1 | 4 |
_aThe Tinted Venus : _bA Farcical Romance _h[electronic resource] / _cF. Anstey |
| 260 |
_bProject Gutenberg, _c2008 |
||
| 506 | _aPublic domain in the USA. | ||
| 516 | _aElectronic text | ||
| 653 | _aFantasy fiction | ||
| 653 | _aHumorous stories | ||
| 700 | 1 |
_aPartridge, Bernard, _d1861-1945 |
|
| 830 | 0 |
_aProject Gutenberg _v24197 |
|
| 856 | 4 | 0 | _uhttp://www.gutenberg.org/ebooks/24197 |
| 942 | _cEB | ||
| 999 |
_c253452 _d253452 |
||